000 00354 a2200145 4500
005 20250628165021.0
020 _a-13: 978-0-07-282577-0
082 _a301.01 FAR
100 _aFARGANIS, J.
245 _aReadings Social Theory.
250 _a4th Ed.
260 _aNew York,
_bMc Graw-Hill Irwin,
_c2004.
300 _axii, 450p.:
_c23cm
942 _2ddc
_cBKS
999 _c6123
_d6123